La Divina commedia
Tallennettuna:
| Päätekijä: | |
|---|---|
| Aineistotyyppi: | Kirja |
| Kieli: | Italian |
| Julkaistu: |
Milan, Italia
Casa Editrice Sonzogno
[s.f.]
|
| Aiheet: | |
| Tagit: |
Lisää tagi
Ei tageja, Lisää ensimmäinen tagi!
|
MARC
| LEADER | 00000nam a2200000Ia 4500 | ||
|---|---|---|---|
| 008 | 170316s9999 xx 000 0 ita d | ||
| 999 | |c 23498 |d 23498 | ||
| 040 | |a cru BVZT | ||
| 090 | |a 850 A-3d | ||
| 100 | |a Alighieri, Dante | ||
| 245 | |a La Divina commedia |c / Dante Alighieri | ||
| 260 | |a Milan, Italia |b Casa Editrice Sonzogno |c [s.f.] | ||
| 300 | |a 430 páginas | ||
| 650 | |a LITERATURA ITALIANA |9 212 | ||
| 650 | |a EN IDIOMA ITALIANO | ||
| 650 | |a COMEDIA | ||
| 650 | |a TRES CÁNTICOS | ||
| 650 | |a INFIERNO | ||
| 650 | |a PURGATORIO | ||
| 650 | |a PARAÍSO | ||
| 942 | |c 4 D |h 850 A-3d |2 z | ||
